| 000 | 00399nam a2200133 4500 | ||
|---|---|---|---|
| 999 |
_c511709 _d511709 |
||
| 008 | 191004b ||||| |||| 00| 0 eng d | ||
| 100 |
_aMenon, Prakash _911878 |
||
| 245 | _aIndia's nuclear journey post Kargil | ||
| 260 | _bJournal of Defence Studies | ||
| 300 | _a13(3), Jul-Sep, 2019: p.139-153. | ||
| 773 | _aJournal of Defence Studies | ||
| 906 | _aNuclear weapons - India | ||
| 942 |
_2ddc _cAR |
||